Obchodné právo a niektoré súvisiace predpisy

Salvato in:
Dettagli Bibliografici
Natura: Libro
Lingua:slovacco
Pubblicazione: Bratislava IURA EDITION 2001
Serie:Súbor platných predpisov
Soggetti:
Tags: Aggiungi Tag
Nessun Tag, puoi essere il primo ad aggiungerne!!

MARC

LEADER 00000nam a2200000 4500
001 c123859
005 20221108083359.2
041 0 |a slo 
044 |a SK 
245 1 0 |a Obchodné právo a niektoré súvisiace predpisy 
264 1 |a Bratislava  |b IURA EDITION  |c 2001 
300 |a Nestr. 
490 1 |a Súbor platných predpisov 
830 0 |a Súbor platných predpisov 
610 2 0 |a legislatíva 
610 2 0 |a predpisy právne 
610 2 0 |a obchod 
610 2 0 |a právo obchodné 
610 2 0 |a Slovensko 
610 2 0 |a 2001